[Event "Krasnodar Winter A Rating"]
[Site "Krasnodar"]
[Date "2011.01.31"]
[Round "12"]
[White "Morozov, Ruslan"]
[Black "Sobol, Viktor"]
[Result "0-1"]
[WhiteElo "1952"]
[BlackElo "1705"]
[PlyCount "30"]
[EventDate "2011.01.24"]
[EventType "tourn"]
[EventRounds "13"]
[EventCountry "RUS"]
[SourceTitle "EXT 2022"]
[Source "ChessBase"]
[SourceDate "2021.10.06"]
[SourceVersion "1"]
[SourceVersionDate "2021.10.06"]
[SourceQuality "1"]

1. d4 Nf6 2. Bf4 e6 3. Nf3 b6 4. e3 Bb7 5. Bd3 Be7 6. Nbd2 d5 7. Ne5 a6 8. g4 Nbd7 9. g5 Nxe5 10. Bxe5 Ne4 11. Bxe4 dxe4 12. Bxg7 Rg8 13. Bh6 Bxg5 14. Rg1 Rg6 15. h4 Bxh6 0-1

[Event "Krasnodar Winter A Rating"]
[Site "Krasnodar"]
[Date "2011.01.26"]
[Round "4"]
[White "Nevolin, Viktor"]
[Black "Sobol, Viktor"]
[Result "1-0"]
[WhiteElo "1769"]
[BlackElo "1705"]
[PlyCount "69"]
[EventDate "2011.01.24"]
[EventType "tourn"]
[EventRounds "13"]
[EventCountry "RUS"]
[SourceTitle "EXT 2022"]
[Source "ChessBase"]
[SourceDate "2021.10.06"]
[SourceVersion "1"]
[SourceVersionDate "2021.10.06"]
[SourceQuality "1"]

1. e4 d5 2. exd5 Nf6 3. Bb5+ Bd7 4. Qe2 Nxd5 5. Nc3 Nb4 6. d3 Bxb5 7. Nxb5 c6 8. Nc3 Nd5 9. Bg5 Qa5 10. Bd2 e6 11. Ne4 Qb6 12. b3 Nd7 13. Nf3 h6 14. 0-0 0-0-0 15. c4 N5f6 16. Bf4 Nxe4 17. dxe4 g5 18. Bg3 Bg7 19. Rab1 Rhe8 20. b4 e5 21. b5 c5 22. a4 Nf8 23. Rfd1 Ng6 24. Rd5 Nf4 25. Bxf4 exf4 26. h3 Re7 27. Rbd1 Bd4 28. Nxd4 cxd4 29. c5 Qa5 30. R5xd4 Rxd4 31. Rxd4 f5 32. e5 Qc3 33. Rd5 Qa1+ 34. Kh2 Qxa4 35. Qd3 1-0

[Event "Krasnodar Winter A Rating"]
[Site "Krasnodar"]
[Date "2011.01.25"]
[Round "3"]
[White "Shamsijarov, Aleksandr"]
[Black "Sobol, Viktor"]
[Result "1-0"]
[WhiteElo "2031"]
[BlackElo "1705"]
[PlyCount "89"]
[EventDate "2011.01.24"]
[EventType "tourn"]
[EventRounds "13"]
[EventCountry "RUS"]
[SourceTitle "EXT 2022"]
[Source "ChessBase"]
[SourceDate "2021.10.06"]
[SourceVersion "1"]
[SourceVersionDate "2021.10.06"]
[SourceQuality "1"]

1. e4 d5 2. exd5 Nf6 3. Bb5+ Bd7 4. Bc4 c6 5. Nc3 Bg4 6. Nge2 cxd5 7. Bb5+ Nc6 8. d4 e6 9. f3 Bh5 10. Ng3 Bg6 11. 0-0 Bd6 12. f4 Qd7 13. Nce2 h5 14. h4 Ng4 15. f5 exf5 16. Nf4 Qc7 17. Nxd5 Qa5 18. Qe2+ Kf8 19. Bf4 Qd8 20. Bxc6 bxc6 21. Bxd6+ Qxd6 22. Nf4 Qxd4+ 23. Kh1 Re8 24. Rad1 Qf6 25. Qd3 Qxh4+ 26. Nh3 Rh6 27. Nxf5 Bxf5 28. Qxf5 Rf6 29. Qh7 Rxf1+ 30. Rxf1 Nh6 31. Qd3 Rd8 32. Qa3+ Qe7 33. Qf3 Ng4 34. Ng5 f6 35. Qxc6 Qe5 36. Nf3 Qe3 37. Re1 Nf2+ 38. Kh2 Qf4+ 39. Kg1 Ng4 40. Qc5+ Qd6 41. Qxh5 Qb6+ 42. Kh1 Nf2+ 43. Kh2 Qd6+ 44. Kg1 Qb6 45. Kh2 1-0